=LDR 00000nam 2200000 4500 =001 NUTBA000000000005446 =005 20141030094829.0 =006 =007 =008 =035 ##$$a 0010-101400000000676 =040 ##$$a NBPDMAT =082 ##$$a 372.8 =090 ##$$a 372.8 $b Lem l =245 ##$$a Lembar Kerja Siswa Utama IPS untukk SMP dan MTS kelas 7 semester 1/ $c W. Yanto...[et. al] =250 ##$$a Cet.1 =260 ##$$a Jakarta : $b Widya Utama, $c 2010 =300 ##$$a 80 hlm. : $b ilus. ; $c 29 cm. =650 ##$$a IPS - SMP Soal dan Latihan =700 ##$$a W. Yanto =850 ##$$a NBPDMAT